Central Library OPAC University of Rajshahi

كتاب قطر المحيط ;; kitab qatar almuhit / (Record no. 79153)

MARC details
000 -LEADER
fixed length control field 00748nam a2200217 a 4500
001 - CONTROL NUMBER
control field 79153
003 - CONTROL NUMBER IDENTIFIER
rucl marc code BD-RjUL
005 - DATE AND TIME OF LATEST TRANSACTION
control field 20220111144926.0
008 - FIXED-LENGTH DATA ELEMENTS--GENERAL INFORMATION
fixed length control field 860416s1869 le 000 0 ara d
035 ## - SYSTEM CONTROL NUMBER
System control number (BD-RjUL)79153
040 ## - CATALOGING SOURCE
Original cataloging agency HUJI
Language of cataloging ara
Transcribing agency BD-RjUL
041 0# - LANGUAGE CODE
Language code of text/sound track or separate title ara
082 ## - DEWEY DECIMAL CLASSIFICATION NUMBER
Edition number 23
Classification number 492.73
Author mark and year BUK 1869
100 1# - MAIN ENTRY--PERSONAL NAME
Personal name البستاني، بطرس، ;; Al-Bustani, Boutros
Dates associated with a name 1819-1883
9 (RLIN) 655
245 15 - TITLE STATEMENT
Title كتاب قطر المحيط ;; kitab qatar almuhit /
Statement of responsibility, etc. تاليف بطرس البستاني.;; talif butrus albistani.
260 ## - PUBLICATION, DISTRIBUTION, ETC. (IMPRINT)
Place of publication, distribution, etc. بيروت : Bairut :
Name of publisher, distributor, etc. مكتبة لبنان, Maktubat Lebanon ,
Date of publication, distribution, etc. ١٨٦٩.
300 ## - PHYSICAL DESCRIPTION
Pagination مجلدان :
Illustrations ٢١ سم.
505 ## - FORMATTED CONTENTS NOTE
Formatted contents note V-1.--
650 #4 - SUBJECT ADDED ENTRY--TOPICAL TERM
Topical term or geographic name as entry element Arabic language
Form subdivision Dictionaries
942 ## - ADDED ENTRY ELEMENTS (KOHA)
Source of classification or shelving scheme Dewey Decimal Classification
Koha item type Reference
Holdings
Lost status Source of classification or shelving scheme Damaged status Not for loan Collection code Permanent Location Current Location Shelving location Date acquired Source of acquisition Cost, normal purchase price Total Checkouts Full call number Date last seen Copy number Koha item type
  Dewey Decimal Classification   Not For Loan Non-fiction Central Library, University of Rajshahi Central Library, University of Rajshahi Reading Room 11/01/2022 thomas & Thomas 65.00   AR 492.73 BUK V-1 1869 11/01/2022 C-1 Reference